Primátor v septembri Z tlačovej besedy v Bielom dome

Bibliographic Details
Main Author: Macko, Boris (Author)
Corporate Author: Košice (Slovensko). Magistrát (Author)
Format: Article
Language:Slovak
Subjects:

MARC

LEADER 00000nab a2200000 a 4500
001 vtls000901195
003 SK-MaSNL
005 20260303192204.0
008 040720e19990623xo 0 slo
035 |a KE10179 
040 |a KEVKJB  |b slo  |c KEVKJB  |e AACR2 
041 0 |a slo 
044 |a xo  |c SK 
080 |a 352.075.2  |2 1981 
100 1 |a Macko, Boris  |4 aut  |9 857682 
245 1 0 |a Primátor v septembri  |b Z tlačovej besedy v Bielom dome 
610 1 7 |a Košice (Slovensko).  |b Magistrát  |2 SNKKA  |9 168631 
650 0 7 |a internet  |2 SNKPH  |9 1833 
650 0 7 |a poslanci  |2 SNKPH  |9 1797 
650 0 7 |a tlačové besedy  |2 SNKPH  |9 29175 
650 0 7 |a organizačné štruktúry  |2 SNKPH  |9 74818 
651 7 |a Košice (Slovensko)  |2 SNKPHgeo  |9 18694 
651 7 |a KE,  |2 KEVKJB  |9 877256 
655 7 |a periodikum  |2 SNKPH  |9 29553 
710 2 |a Košice (Slovensko).  |b Magistrát  |4 aut  |9 168631 
773 0 8 |t Košický večer  |g Roč. 10  |g Roč. 31, č.120, 23.6.1999, s. 1,3 
852 |a ZVYKNI  |b KIS3GCP 
999 |c 2144821  |d 2146751